| 000 | 00607nam a2200205 i 4500 | ||
|---|---|---|---|
| 001 | 150061 | ||
| 003 | ES-MaACL | ||
| 005 | 20250624062527.0 | ||
| 007 | t| | ||
| 008 | 071026s1960 sp |||| | spa d | ||
| 100 | 1 |
_aValle-Inclán, Ramón del, _d1866-1936 _9112796 |
|
| 245 | 1 | 0 |
_aCorte de amor _b: florilegio de honesta y nobles damas / _cRamón del Valle-Inclán. |
| 250 | _a4ª ed. | ||
| 260 |
_aMadrid : _bEspasa-Calpe, _c1960. |
||
| 300 |
_a151 p. ; _c18 cm. |
||
| 490 | 1 | _aColección austral | |
| 830 | 0 |
_aColección austral _9177655 |
|
| 852 |
_aES-MaACL _jC-18749 |
||
| 999 |
_c150061 _d150061 |
||